Language Quiz

Random Language or Latin Quiz

Viri et Feminae Quiz Stats

 Plays Quiz not verified by Sporcle

Challenge
Share
Tweet
Embed
Score 0/16 Timer 10:00
0 Plays Today
Hint Enter A Latin Word % Correct
MotherMater
91.7%
FatherPater
91.7%
BrotherFrater
79.2%
SonFilius
75%
SisterSoror
70.8%
DaughterFilia
70.8%
WifeUxor
62.5%
TwinsGemini
58.3%
Hint Enter A Latin Word % Correct
HeIs
58.3%
SheEa
58.3%
GrandfatherAvus
45.8%
UncleAvunculus
37.5%
GrandmotherAvia
33.3%
BabyInfans
33.3%
HusbandMaritus
16.7%
AuntAbamita
8.3%

You're not logged in!

Compare scores with friends on all Sporcle quizzes.
OR
Log In

You Might Also Like...

Show Comments

Extras

Created Mar 27, 2015ReportNominate
Tags:Latin Quiz, declension

Top Quizzes Today


Score Distribution

Your Account Isn't Verified!

In order to create a playlist on Sporcle, you need to verify the email address you used during registration. Go to your Sporcle Settings to finish the process.

Report this User

Report this user for behavior that violates our Community Guidelines.

Details: